000 00301nam a22001337a 4500
020 _a978-1-84422-483-8
082 _a823
_bREA/L
100 _aREADER COLLIN
245 _aBIG BANG
_bLITTLE RED TRACTOR
260 _aLONDON
_bLADY BIRD
300 _a29
650 _aENGLISH SHORT STORY
_zUK
942 _cBK
999 _c2166
_d2166